<?xml version="1.0" encoding="UTF-8"?>
<collection xmlns="http://www.loc.gov/MARC21/slim">
  <record>
    <leader>00000nam  2200000   4500</leader>
    <controlfield tag="001">INLIS000000000020615</controlfield>
    <controlfield tag="005">20250724024635</controlfield>
    <datafield tag="035" ind1="#" ind2="#">
      <subfield code="a">0010-0725000145</subfield>
    </datafield>
    <controlfield tag="007">ta</controlfield>
    <controlfield tag="008">250724################|##########|#|##</controlfield>
    <datafield tag="084" ind1="#" ind2="#">
      <subfield code="a">R 0137 PKN II 2024</subfield>
    </datafield>
    <datafield tag="100" ind1=" " ind2="#">
      <subfield code="a">Tuti Trihastuti Sukardi</subfield>
    </datafield>
    <datafield tag="245" ind1="1" ind2="#">
      <subfield code="a">Strategi Optimalisasi Pengelolaan Data Dan Informasi Serta Penyiapan Bahan Ajar Analis Kebijakan Penurunan Stunting /</subfield>
      <subfield code="c">Tuti Trihastuti Sukardi</subfield>
    </datafield>
    <datafield tag="250" ind1="#" ind2="#">
      <subfield code="a">1</subfield>
    </datafield>
    <datafield tag="260" ind1="#" ind2="#">
      <subfield code="a">Jakarta :</subfield>
      <subfield code="b">Pusbangkom Pimnas,</subfield>
      <subfield code="c">2024</subfield>
    </datafield>
    <datafield tag="300" ind1="#" ind2="#">
      <subfield code="a">153 :</subfield>
      <subfield code="b">ilus ;</subfield>
      <subfield code="c">29 x 21 x 1,5</subfield>
    </datafield>
    <datafield tag="650" ind1="#" ind2="4">
      <subfield code="a">Data, Sistem Informasi</subfield>
    </datafield>
    <datafield tag="520" ind1="#" ind2="#">
      <subfield code="a">Asisten Deputi Pembangunan Sumber Daya Manusia (Asdep PSDM) salah&#13;
unit kerja terkait di bawah Deputi KPMPP, terhitung sejak bulan Januari 2024&#13;
melaksanakan tugas penanganan program penurunan stunting. Kinerja Asdep&#13;
PSDM tersebut perlu dikelola dengan manajerial yang prima agar layanan&#13;
pemberian analisis kebijakan penurunan stunting kepada Wakil Presiden semakin&#13;
optimal.&#13;
Proyek Perubahan ini untuk menyelesaikan penyebab pelayanan dalam&#13;
penanganan stunting yang dirasakan belum optimal. Proyek perubahan ini&#13;
menghasilkan capaian sesuai yang diharapkan, yaitu adanya perbaikan manajerial&#13;
melalui penyediaan petunjuk teknis pelaksanaan program percepatan penurunan&#13;
stunting, panduan pelaksanaan evaluasi penilaian kinerja Tenaga Ahli TPPS,&#13;
stunting sharing session dan bimbingan teknis pengembangan kompetensi yang&#13;
berkelanjutan, serta pemutakhiran digitalisasi penyajian data dan informasi serta&#13;
publikasi program penanganan stunting.&#13;
Capaian dari Proyek Perubahan ini memberikan dampak dan manfaat&#13;
(benefit) bagi semua pihak baik internal maupun eksternal. Kerja kolobaratif&#13;
menjadi kunci keberhasilan Proyek Perubahan ini. Maka dukungan Pimpinan, Tim&#13;
Kerja Efektif Pelaksana Proyek Perubahan dan pemangku kepentingan terkait&#13;
sangat diharapkan tetap berlanjut untuk pelaksanaan Proyek Perubahan&#13;
Perubahan untuk jangka menengah dan jangka panjang</subfield>
    </datafield>
    <datafield tag="856" ind1="#" ind2="#">
      <subfield code="a">Perpustakaan Pusat LAN</subfield>
    </datafield>
    <datafield tag="990" ind1="#" ind2="#">
      <subfield code="a">2024/1.2,2/A/0137</subfield>
    </datafield>
  </record>
</collection>
